| 000 | 00480nam a2200181Ia 4500 | ||
|---|---|---|---|
| 001 | 45989 | ||
| 008 | 140428s9999 xx 000 0 und d | ||
| 020 | _aNA | ||
| 040 | _cPK-LaUMT | ||
| 082 |
_aRHC 297.8 _bKHU-A |
||
| 100 | _aKhursheed Ahmad | ||
| 245 |
_aEhya-e-Islam (Urdu) _bmasaail aur mustaqbil kay imkaanaat _cKhursheed Ahmad |
||
| 260 |
_aIslamabad,Pakistan: _bInstitute of Policy Studies, _c1998 |
||
| 300 | _a183 p. | ||
| 546 | _aUR | ||
| 650 | _aIslam | ||
| 942 | _cBK | ||
| 999 |
_c43946 _d43946 |
||